000 00660cam a2200205 i 4500
005 20251109095351.0
008 250721s2006 jo gr 000 0 ara d
020 _a9957242326
082 1 4 _a155.4
_bغ ي ث
100 1 _aغيث، سعاد منصور
_eمؤلف.
245 1 2 _aالصحة النفسية للطفل /
250 _a255 صفحة.
264 3 1 _aعمان :
_bدار صفاء للنشر والتوزيع،
_c2006.
650 1 7 _aالصحة النفسية.
650 1 7 _aرعاية الطفولة.
650 1 7 _aسيكولوجية الاطفال.
650 1 7 _aالاطفال.
942 _2ddc
_cBK
999 _c99162
_d99162